Scotland's Scenic Heritage (Record no. 108317)

MARC details
000 -LEADER
fixed length control field 00973cad a22002055a 4500
001 - CONTROL NUMBER
control field E143914
008 - FIXED-LENGTH DATA ELEMENTS--GENERAL INFORMATION
fixed length control field 080606s1978 xxka f 000 0 eng d
035 ## - SYSTEM CONTROL NUMBER
System control number (Sirsi) u143914
041 0# - LANGUAGE CODE
Language code of text/sound track or separate title eng
050 04 - LIBRARY OF CONGRESS CALL NUMBER
Classification number 639.9 $2 18
110 2# - MAIN ENTRY--CORPORATE NAME
Corporate name or jurisdiction name as entry element Countryside Commission for Scotland
9 (RLIN) 2832
245 00 - TITLE STATEMENT
Title Scotland's Scenic Heritage
Medium [electronic resource]
260 ## - PUBLICATION, DISTRIBUTION, ETC.
Place of publication, distribution, etc. [S.l.]
Name of publisher, distributor, etc. Countryside Commission for Scotland
Date of publication, distribution, etc. 1978
520 ## - SUMMARY, ETC.
Summary, etc. Discusses the conservation of Scotland's areas of outstanding scenic interest. Also outlines the results of research carried out by the Commission into which areas may fall into this category and require such protection.
521 ## - TARGET AUDIENCE NOTE
Target audience note Advanced
651 #4 - SUBJECT ADDED ENTRY--GEOGRAPHIC NAME
Geographic name Scotland
Chronological subdivision 1999-
690 ## - LOCAL SUBJECT ADDED ENTRY--TOPICAL TERM (OCLC, RLIN)
Topical term or geographic name as entry element ENVIRONMENTAL AND LAND CONSULTANCY-ENVIRONMENTAL MANAGEMENT-ENVIRONMENTAL CONSERVATION-LANDSCAPE CONSERVATION
856 40 - ELECTRONIC LOCATION AND ACCESS
Uniform Resource Identifier <a href="https://www.snh.org.uk/publications/on-line/scotlandsscenicareas/">https://www.snh.org.uk/publications/on-line/scotlandsscenicareas/</a>
Public note View the report free of charge at www.snh.org.uk...
942 ## - ADDED ENTRY ELEMENTS (KOHA)
Suppress in OPAC 0
Holdings
Withdrawn status Lost status Source of classification or shelving scheme Damaged status Not for loan Home library Current library Shelving location Date acquired Total Checkouts Full call number Barcode Date last seen Copy number Price effective from Koha item type
    Dewey Decimal Classification     Virtual Virtual Online 06/06/2008   ONLINE PUBLICATION 143914-2001 06/08/2019 1 06/08/2019 Book